Physics of Spin-Orbit-Coupled Oxides /

Guardado en:
Detalles Bibliográficos
Autor principal: Cao, Gang (Autor)
Otros Autores: DeLong, Lance E.
Formato: Libro
Lenguaje:inglés
Publicado: Oxford University Press 2021
Etiquetas: Agregar Etiqueta
Sin Etiquetas, Sea el primero en etiquetar este registro!

MARC

LEADER 00000nam a22000003a 4500
001 0098809
003 SK-STU
005 20221202134601.5
007 ta
008 221202s ----xo-----e------000-0-----d
020 |a 978-0-19-960202-5 
040 |a STU  |b slo 
041 0 |a eng 
044 |a xxk 
100 1 |a Cao, Gang  |4 aut 
245 1 0 |a Physics of Spin-Orbit-Coupled Oxides /  |c aut. Gang Cao, Lance E DeLong 
260 |a Oxford  |b University Press  |c 2021 
300 |a 187 s. 
700 1 |a DeLong, Lance E. 
996 |b 284M089190  |c M* 14679-1  |l MMST  |s A  |a 24  |w 0098809_0001